Zlepšenie konkurencieschopnosti agropodnikov

Zlepšovanie konkurencieschopnosti agropodnikov závisí najmä od primeraného využívania výrobných zdrojov a vhodnej lokalizácie. Uspokojenie základných potrieb na trhu, vysoká pridaná hodnota, diverzifikácia činností, outsourcing, vstup na zahraničné trhy, energetické úspory, výroba jedinečných produk...

Full description

Saved in:
Bibliographic Details
Main Author: Jamnický, Peter
Format: Book Chapter
Language:Slovak
Subjects:
Tags: Add Tag
No Tags, Be the first to tag this record!

MARC

LEADER 00000naa$a2200000$$$4500
001 0173639
005 20240502072946.6
041 0 |a slo 
044 |a SK 
245 1 0 |a Zlepšenie konkurencieschopnosti agropodnikov  |c Peter Jamnický 
520 |a Zlepšovanie konkurencieschopnosti agropodnikov závisí najmä od primeraného využívania výrobných zdrojov a vhodnej lokalizácie. Uspokojenie základných potrieb na trhu, vysoká pridaná hodnota, diverzifikácia činností, outsourcing, vstup na zahraničné trhy, energetické úspory, výroba jedinečných produktov, donáška potravín do domu, sledovanie trendov a cien, propagácia sú nástrojmi ako môže byť agropodnik úspešný na domácich a zahraničných trhoch. 
610 2 0 |a podnik poľnohospodársky 
610 2 0 |a konkurencieschopnosť 
610 2 0 |a výhody konkurenčné 
610 2 0 |a hodnota pridaná 
100 1 |a Jamnický, Peter